000 00649cam a22002293a 4500
001 2685
003 PGUSA
005 20140828083020.0
008 010601s2001||||xxu|||||s|||||000 1 eng d
040 _aPGUSA
_beng
042 _adc
050 4 _aPS
100 1 _aDeland, Margaret Wade Campbell,
_d1857-1945
245 1 4 _aThe Way to Peace
_h[electronic resource] /
_cMargaret Wade Campbell Deland
260 _bProject Gutenberg,
_c2001
506 _aPublic domain in the USA.
516 _aElectronic text
653 _aShakers -- Fiction
830 0 _aProject Gutenberg
_v2685
856 4 0 _uhttp://www.gutenberg.org/ebooks/2685
942 _cEB
999 _c232018
_d232018